| 000 | 00790nam a2200253 a 4500 | ||
|---|---|---|---|
| 008 | |||
| 020 | _a0198556543 (cased) | ||
| 049 | _aMAIN | ||
| 090 |
_aQD96.M65 _bCHI |
||
| 100 | 1 | _aChild, M. S. | |
| 245 | 1 | 0 |
_aSemiclassical mechanics with molecular applications / _cby M.S. Child. |
| 260 |
_aOxford : _bClarendon Press ; _cc1991. |
||
| 300 |
_ax, 417 p. : _bill. ; _c24 cm. |
||
| 440 | 0 |
_a(International series of monographs on chemistry ; _v25). |
|
| 504 | _aIncludes bibliographical references. | ||
| 500 | _aIncludes index. | ||
| 650 | 0 | _aMolecular spectroscopy. | |
| 650 | 0 | _aQuantum chemistry. | |
| 907 |
_a.b10004737 _b26-09-06 _c17-04-03 |
||
| 003 | |||
| 005 | 20230123133114.0 | ||
| 040 | _cNUST | ||
| 942 |
_cBOOKS _kQD96.M65 _mCHI |
||
| 999 |
_c142829 _d142829 |
||